Mot en italien - Statistiques

Statistiques générales
  • Ce quiz a été pris 273 fois
  • Le résultat moyen est 11 sur 20
Statistiques - réponses
Hint Réponse % Correct
Amour Amore
91%
Ciel Cielo
80%
Cuisine Cucina
79%
Ecole Scuola
78%
Enfant Bambino
77%
Mer Mare
76%
Soleil Sole
76%
Chien Cane
75%
Fenêtre Finestra
66%
Jardin Giardino
59%
Chassures Scarpe
45%
Sac Borsa
44%
Arbre Albero
39%
Fiancé Fidanzato
36%
Nourriture (plat) Cibo
35%
Veste Giacca
26%
Montre Orologio
25%
Papier Carta
21%
Chargeur Caricatore
19%
Bottes Stivali
14%
Aucun quiz correspondant
Distribution des résultats
% des personnes avec chaque résultat
Percentile par nombre de réponses
Votre historique - résultats
Vous n’avez pas pris ce quiz